Normal view
MARC view
Entry Topical Term
001 - CONTROL NUMBER
- control field: 259993
003 - CONTROL NUMBER IDENTIFIER
- control field: OSt
005 - DATE AND TIME OF LATEST TRANSACTION
- control field: 20260401140009.0
008 - FIXED-LENGTH DATA ELEMENTS
- fixed length control field: 260401|| aca||aabn | a|a d
040 ## - CATALOGING SOURCE
- Original cataloging agency: OSt
- Transcribing agency: OSt
150 ## - HEADING--TOPICAL TERM
- Topical term or geographic name entry element: Machine and Equipment
670 ## - SOURCE DATA FOUND
- Source citation: Work cat.: (OSt)241101: Rakesh Jain 259992, Energy and environment management, 2024